№ 9; Национальные стандарты

Dettagli Bibliografici
Parent link:Национальные стандарты: Информационный указатель/ Федеральное агентство по техническому регулированию и метрологии. № 9.— , 2004-
Lingua:russo
Pubblicazione: 2010
Natura: Libro
KOHA link:https://koha.lib.tpu.ru/cgi-bin/koha/opac-detail.pl?biblionumber=429163

MARC

LEADER 00000nam2a2200000 4500
001 429163
005 20250424110033.0
035 |a (RuTPU)RU\TPU\prd\88911 
090 |a 429163 
100 |a 20101028a19409999k y0rusy50 ca 
101 0 |a rus 
102 |a RU 
200 0 |a № 9 
210 |d 2010 
461 1 |0 (RuTPU)RU\TPU\prd\23792  |t Национальные стандарты  |o Информационный указатель  |f Федеральное агентство по техническому регулированию и метрологии  |v № 9  |d 2004- 
801 0 |a RU  |b 63413507  |c 20010227  |g PSBO 
801 1 |a RU  |b 63413507  |c 20101028 
801 2 |a RU  |b 63413507  |c 20191126  |g RCR 
850 |a 63413507 
942 |c CR